000 00357nam a2200133Ia 4500
008 151001s9999||||xx |||||||||||||| ||und||
100 _aM N Roy
245 _aprom savagery to
250 _a1
260 _bRediance
260 _c2009
300 _a104
365 _b21
999 _c995704
_d995701